000 00280nam a2200109Ia 4500
005 20251222144758.0
008 251222s9999||||xx |||||||||||||| ||spa||
082 _a362.198.5/I59
245 0 _aPerú: Demanda de Atención en Servicios de Salud, 1998
264 _bINEI
942 _cLIB
999 _c19630
_d19630